000 00967nam a2200289 i 4500
001 000037947
003 DO-SdBNP
005 20260316103808.0
007 ta
008 130311s1998 dr 000 0 spa d
040 _aDO-SdBNP
_bspa
_cBNPHU
_erda
041 _aspa
082 4 _a342.7293023
_bR426co 1998
_222
100 1 _aRepública Dominicana
_eautor
_935843
_4aut.
240 1 0 _aConstitución (1994)
245 1 0 _aConstitución de la República Dominicana, 1994
264 _aSanto Domingo, República Dominicana :
_bSuprema Corte de Justicia,
_c1998.
300 _a53 páginas ;
_c22 cm.
336 _ardacontent
_btexto
_2txt
337 _ardamedia
_bsin mediación
_2n
338 _ardacarrier
_bvolumen
_2nc
590 _aInventariado, 2018/ YL
651 4 _aRepública Dominicana
_xConstitución (1994{Rpara}
_935348
651 4 _aRepública Dominicana
_xDerecho Constitucional
_99303
910 _aValidado. Control de calidad MFF
942 _2ddc
_cLBS1
999 _c37437
_d37437